ČSN 425350 Pásy ocelové válcované za studena z oceli tříd 10 až 16 rozměry

Bibliographic Details
Format: Book
Language:English
PhysicalDescription:15 s.
Published: Praha Vydavatelství úřadu pro normalizaci 1960

MARC

LEADER 00000nam a2200000 a 4500
001 vtls008162123
003 SK-MaSNL
005 20260224204012.0
008 050622 000 0 eng
040 |a SNK  |b slo  |c SNK  |e AACR2 
245 1 |a ČSN 425350 Pásy ocelové válcované za studena z oceli tříd 10 až 16  |b rozměry 
260 |a Praha  |b Vydavatelství úřadu pro normalizaci  |c 1960 
300 |a 15 s. 
999 |c 1163352  |d 1165282 
952 |a SNK  |b SNK  |y VYP  |7 0  |p 17A0473826  |o snkČSN 42 5350  |3 Rekatalogizácia  |0 0  |1 0  |4 0  |d 2005-06-22  |l 0  |r 2026-02-24 20:40:12  |w 2026-02-24